<?xml version="1.0" encoding="UTF-8"?>
<collection xmlns="http://www.loc.gov/MARC21/slim">
 <record>
  <leader>     na                 </leader>
  <controlfield tag="001">INLIS000000000008126</controlfield>
  <controlfield tag="005">20251216095745</controlfield>
  <datafield tag="035" ind1=" " ind2=" ">
   <subfield code="a">0010-0322000145</subfield>
  </datafield>
  <datafield tag="100" ind1=" " ind2=" ">
   <subfield code="a">Asep Sahidin,</subfield>
   <subfield code="e">Pengarang</subfield>
  </datafield>
  <datafield tag="245" ind1="1" ind2=" ">
   <subfield code="a">Fauna bentik :</subfield>
   <subfield code="b">studi kasus keanekaragaman bentik di perairan Tangerang Banten /</subfield>
   <subfield code="c">Asep Sahidin</subfield>
  </datafield>
  <datafield tag="250" ind1=" " ind2=" ">
   <subfield code="a">Edisi Pertama; Cetakan Pertama - 2019</subfield>
  </datafield>
  <datafield tag="264" ind1=" " ind2=" ">
   <subfield code="a">Yogyakarta : :</subfield>
   <subfield code="b">Graha Ilmu,,</subfield>
   <subfield code="c">2019</subfield>
  </datafield>
  <datafield tag="300" ind1=" " ind2=" ">
   <subfield code="a">viii, 192 halaman :</subfield>
   <subfield code="b">ilustrasi ;</subfield>
   <subfield code="c">24 cm</subfield>
  </datafield>
  <datafield tag="336" ind1=" " ind2=" ">
   <subfield code="2">rdacontent</subfield>
   <subfield code="a">teks</subfield>
  </datafield>
  <datafield tag="337" ind1=" " ind2=" ">
   <subfield code="2">rdamedia</subfield>
   <subfield code="a">tanpa perantara</subfield>
  </datafield>
  <datafield tag="338" ind1=" " ind2=" ">
   <subfield code="2">rdacarrier</subfield>
   <subfield code="a">volume</subfield>
  </datafield>
  <datafield tag="504" ind1=" " ind2=" ">
   <subfield code="a">Bibliografi : halaman 183-192</subfield>
  </datafield>
  <datafield tag="520" ind1=" " ind2=" ">
   <subfield code="a">Negara Indonesia adalah negara kepulauan yang memiliki berbagai ekosistem pesisir. Organisme bentos merupakan salah satu organisme yang berasosiasi dan berperan penting pada ekosistem pesisir tersebut. Namun masyarakat menganggap organisme bentos sebagai binatang yang menjijikan, tidak berguna dan dipandang sebelah mata. Masyarakat lebih mementingkan dan melihat produk utama perairan yaitu produk-produk ekonomis seperti ikan dan udang. Padahal organisme bentos merupakan salah satu organisme penting dalam menunjang perikanan di negeri ini. Organisme bentos sebagai â??organisme kunciâ? dalam rantai makanan, bahkan keberadaan ikan demersal berkorelasi positif dengan keberadaan bentos disekitarnya. Para ilmuan telah banyak meneliti bahwa peningkatan perikanan tangkap seiring dengan peningkatan biomasa bentos, sehingga analisis produksi bentos dapat dijadikan indikator penangkapan ikan demersal. Berdasarkan fakta tersebut dapat dikatakan bahwa kehilangan organisme bentos sama dengan kehilangan sebagian produk perikanan, terutama ikan-ikan demersal.</subfield>
  </datafield>
  <datafield tag="850" ind1=" " ind2=" ">
   <subfield code="a">JKPNPNA</subfield>
  </datafield>
  <controlfield tag="006">aa   g b    000 0</controlfield>
  <controlfield tag="007">ta</controlfield>
  <controlfield tag="008">251216                g          0 ind  </controlfield>
  <datafield tag="020" ind1=" " ind2=" ">
   <subfield code="a">978-623-228-271-1</subfield>
  </datafield>
  <datafield tag="040" ind1=" " ind2=" ">
   <subfield code="a">JKPNPNA</subfield>
   <subfield code="b">ind</subfield>
   <subfield code="e">rda</subfield>
  </datafield>
  <datafield tag="082" ind1=" " ind2=" ">
   <subfield code="a">578.777</subfield>
  </datafield>
  <datafield tag="084" ind1=" " ind2=" ">
   <subfield code="a">578.777 ASE f</subfield>
  </datafield>
  <datafield tag="600" ind1=" " ind2="4">
   <subfield code="a">Bentik Invertebrata laut</subfield>
  </datafield>
  <datafield tag="990" ind1=" " ind2=" ">
   <subfield code="a">022.6722</subfield>
  </datafield>
  <datafield tag="990" ind1=" " ind2=" ">
   <subfield code="a">022.6721</subfield>
  </datafield>
  <datafield tag="990" ind1=" " ind2=" ">
   <subfield code="a">022.6720</subfield>
  </datafield>
 </record>
</collection>
